| 000 | 00630nam a2200193 a 4500 | ||
|---|---|---|---|
| 005 | 20191217042715.0 | ||
| 008 | 171114s1992 ke ||||r|||| 00| 0 eng d | ||
| 040 |
_aCO-BoIAVH _cCO-BoIAVH |
||
| 041 | 0 | _aeng | |
| 044 | _ake | ||
| 082 | 0 | 0 |
_a363.1 _bU56i |
| 245 | 0 | 0 | _aUNEP International Technical Guidelines for Safety in Biotechnology |
| 260 |
_aNairobi, Kenia : _bUnited Nations Environment Programme, _c1992?. |
||
| 300 |
_a31 páginas ; _c26 x 20 cm. |
||
| 650 | 2 | 6 |
_aBioseguridad _vGuías |
| 650 | 2 | 6 |
_aBiotecnología _vGuías |
| 710 | 2 | _aUnited Nations Environment Programme | |
| 942 |
_2ddc _cFolleto |
||
| 999 |
_c19964 _d19964 |
||